| 000 | 00438nam a2200193Ia 4500 | ||
|---|---|---|---|
| 005 | 20250603145758.0 | ||
| 008 | 250603s9999 xx 000 0 und d | ||
| 020 | _a9780080971216 | ||
| 050 | _aTH 151 .C63/ | ||
| 100 | _aCobb, Fiona | ||
| 245 | 0 | _aStructural engineer’s pocket book | |
| 250 | _a3rd ed. | ||
| 260 | _aNew York | ||
| 260 | _bCRC Press | ||
| 260 | _c2015 | ||
| 300 | _a445 p | ||
| 650 | _aNew York | ||
| 942 | _cBK | ||
| 999 |
_c42831 _d42831 |
||